000 00399nam a2200157 a 4500
005 20140414131849.0
008 970101s19uu xx 00 eng d
020 _a0748976507
050 _aM 428.6
_bAl416 2001
245 _aAll about elephants.
260 _aLondon :
_bBarkeley House,
_c2001.
300 _a28
440 _aMy animal kingdom
650 _aElephants-mammals.
999 _c110071
_d110071